000
00260nam a2200097Ia 4500
008
240331s9999 xx 000 0 und d
082
_a
294.3
_b
WIC
100
_a
Wickramarathne, A
245
0
_a
Buddhism and ethnicity in Sri Lanka :
_b
a historical analrsis
942
_c
L
999
_c
927
_d
927